Sugar cane (Record no. 27673)

MARC details
000 -LEADER
fixed length control field 00308nam a2200133Ia 4500
082 ## - DEWEY DECIMAL CLASSIFICATION NUMBER
Classification number 633.61
Item number BAR
100 ## - MAIN ENTRY--AUTHOR NAME
Personal name BARNES, A C
245 #0 - TITLE STATEMENT
Title Sugar cane
250 ## - EDITION STATEMENT
Edition statement 2
260 ## - PUBLICATION, DISTRIBUTION, ETC. (IMPRINT)
Place of publication Bucks
Name of publisher Leonard hill
Year of publication 1974
650 ## - SUBJECT ADDED ENTRY--TOPICAL TERM
Topical Term Sugarcane cultivation
942 ## - ADDED ENTRY ELEMENTS (KOHA)
Koha item type Books
Holdings
Withdrawn status Lost status Damaged status Not for loan Home library Current library Date acquired Full call number Accession Number Koha item type
        RRII Library RRII Library 16/12/2021 633.61 BAR 08291 Books